Player pro brawl stars by photos - Statistiques

Statistiques générales
  • Ce quiz a été pris 61 fois
  • Le résultat moyen est 9 sur 16
Statistiques - réponses
Par images Réponse % Correct
Tensai
88%
Lenain
86%
Gas
80%
Symantec
70%
Boss
62%
Drage
62%
Ikaoss
58%
Joker
58%
Lukii
56%
Ope
48%
Maru
44%
Yoshi
44%
Sitetempo
42%
Achapi
34%
Bobby
32%
Moya
32%
Aucun quiz correspondant
Distribution des résultats
% des personnes avec chaque résultat
Percentile par nombre de réponses
Votre historique - résultats
Vous n’avez pas pris ce quiz